00609 2200205 4500001002100000005001500021035002000036007000300056008004100059020001800100082001200118084001800130100003600148245010200184250001100286260003700297300003300334700002400367990001200391INLIS00000000000669720210301015343 a0010-0321000067ta210301 g 0 ind  a9789790106390 a297.273 a297.273 VEI i0 aVeithzal Rivai dan Andi Buchari1 aIslamic Economics :bEkonomi Syariah Bukan Opsi, Tetapi Solusi /cVeithzal Rivai dan Andi Buchari aCet. 1 aJAKARTA :bPT Bumi Aksara,c2009 axviii, 574 hlm :b. ;c26 cm0 aFatna, Rini, Zirzis a13408 A